01343nam a2200325 a 4500001001200000003000800012006001900020007001500039008004100054010001700095020001500112020001800127020002700145040002100172035002100193050002600214082001200240100002000252245007700272260005300349300002400402504002000426505021500446533015200661650001500813655002900828710001700857856012600874999001701000ebr10555115CaPaEBRm u cr cn|||||||||990202s1999 enka sb 001 0 eng d z 99013960  z0745315364 z9780745315362 z9781849647939 (e-book) aCaPaEBRcCaPaEBR a(OCoLC)78185284614aHB171.5b.S924 1999eb04a3302211 aStretton, Hugh.10aEconomicsh[electronic resource] :ba new introduction /cHugh Stretton. a[London ;aSterling, Va. :bPluto Press,c1999?] axii, 852 p. :bill. aIncludes index.0 apt. 1. Studying economics -- pt. 2. Economic growth and change -- pt. 3. Demands for goods and services -- pt. 4. The productive institutions -- pt. 5. The distributive institutions -- pt. 6. Economic strategy. aElectronic reproduction.bPalo Alto, Calif. :cebrary,d2011.nAvailable via World Wide Web.nAccess may be limited to ebrary affiliated libraries. 0aEconomics. 7aElectronic books.2local2 aebrary, Inc.40uhttp://site.ebrary.com/lib/rucke/Doc?id=10555115zAn electronic book accessible through the World Wide Web; click to view c91919d91919